| 000 | 00983cam a2200301 i 4500 | ||
|---|---|---|---|
| 001 | 42346 | ||
| 003 | Mx-PuUPA | ||
| 005 | 20250227132339.0 | ||
| 008 | 140415s1997 cu gr 000 0 spa d | ||
| 017 | _aM-27477-1997 | ||
| 020 | _a9591003633 | ||
| 040 |
_cMx-PuUPA _aMx-PuUPA _bspa _dMx-PuUPA _erda |
||
| 041 | 0 | _aspa | |
| 100 | 1 |
_aOtero, Lisandro, _d1932-2008 _94043 _eautor |
|
| 245 | 1 | 0 |
_aLlover sobre mojado : _buna reflexión personal sobre la historia / _cLisandro Otero |
| 264 | 1 |
_aLa Habana, Cuba : _bEditorial Letras Cubanas, _c1997 |
|
| 300 |
_a292 páginas ; _c19 cm |
||
| 336 |
_2rdacontent _atexto _btxt |
||
| 337 |
_2rdamedia _asin medio _bn |
||
| 338 |
_2rdacarrier _avolumen _bnc |
||
| 650 | 7 |
_2armarc _aPolítica mundial _ySiglo XX |
|
| 651 | 4 |
_aCuba _xHistoria _y1989 |
|
| 942 |
_2ddc _cLI _h972.91 _iO87 |
||
| 999 |
_c42346 _d42346 |
||